[Event "Hastings Weekend Open"]
[Site "Hastings"]
[Date "2024.01.06"]
[Round "3.5"]
[White "Walker, Martin Graham"]
[Black "Abhyuday, Santhosh"]
[Result "1/2-1/2"]
[WhiteElo "2090"]
[BlackElo "2058"]
[PlyCount "72"]
[EventDate "2024.01.06"]
[EventType "swiss"]
[EventRounds "5"]
[EventCountry "ENG"]
[SourceTitle "The Week in Chess 1522"]
[Source "Mark Crowther"]
[SourceDate "2024.01.08"]
[SourceVersion "1"]
[SourceVersionDate "2024.02.04"]
[SourceQuality "2"]

1. e4 c5 2. Nf3 d6 3. Bb5+ Nd7 4. d4 cxd4 5. Qxd4 a6 6. Bc4 e6 7. O-O Ngf6 8.
Nc3 Be7 9. a4 b6 10. b4 Bb7 11. Bb2 Qc7 12. Bb3 Ne5 13. Nd2 g5 14. b5 a5 15.
Nc4 Nxc4 16. Bxc4 O-O-O 17. Rfe1 Ng4 18. Be2 Ne5 19. Rad1 h5 20. Nb1 Bf6 21.
Qe3 g4 22. Kh1 Rhg8 23. Bxe5 Bxe5 24. Na3 d5 25. exd5 Bf4 26. d6 Bxe3 27. dxc7
Rxd1 28. Rxd1 Bxf2 29. Nc4 Bc5 30. Ne5 f6 31. Nd7 Kxc7 32. Nxf6 Rf8 33. Nxh5
Rf2 34. Bf1 Rxc2 35. Nf4 e5 36. Ne6+ Kb8 1/2-1/2

[Event "Hastings Weekend Open"]
[Site "Hastings"]
[Date "2024.01.06"]
[Round "3.7"]
[White "Sharma, Josh"]
[Black "Lock, Gavin R"]
[Result "1/2-1/2"]
[WhiteElo "1632"]
[BlackElo "2049"]
[PlyCount "47"]
[EventDate "2024.01.06"]
[EventType "swiss"]
[EventRounds "5"]
[EventCountry "ENG"]
[SourceTitle "The Week in Chess 1522"]
[Source "Mark Crowther"]
[SourceDate "2024.01.08"]
[SourceVersion "1"]
[SourceVersionDate "2024.02.04"]
[SourceQuality "2"]

1. d4 d5 2. Nc3 Nf6 3. Bf4 c5 4. e4 cxd4 5. Qxd4 Nc6 6. Qa4 Nxe4 7. Nxe4 dxe4
8. Qxe4 g6 9. Be5 Nxe5 10. Qxe5 f6 11. Bb5+ Kf7 12. Bc4+ Kg7 13. Qe2 e5 14. Nf3
Be7 15. O-O Qc7 16. c3 Bg4 17. Bd5 Rad8 18. c4 Bc5 19. b4 Bxf3 20. Qxf3 Bd4 21.
Rac1 b6 22. Rfd1 Rhe8 23. Qb3 Qe7 24. Bc6 1/2-1/2

[Event "Hastings Weekend Open"]
[Site "Hastings"]
[Date "2024.01.06"]
[Round "3.8"]
[White "Keely, Leo A"]
[Black "Verma, Aditya"]
[Result "0-1"]
[WhiteElo "1908"]
[BlackElo "2122"]
[PlyCount "80"]
[EventDate "2024.01.06"]
[EventType "swiss"]
[EventRounds "5"]
[EventCountry "ENG"]
[SourceTitle "The Week in Chess 1522"]
[Source "Mark Crowther"]
[SourceDate "2024.01.08"]
[SourceVersion "1"]
[SourceVersionDate "2024.02.04"]
[SourceQuality "2"]

1. e4 c5 2. Nc3 Nc6 3. f4 g6 4. Nf3 Bg7 5. Bb5 Nd4 6. O-O a6 7. Be2 d6 8. d3
Nf6 9. e5 Nxf3+ 10. Bxf3 dxe5 11. fxe5 Qd4+ 12. Kh1 Qxe5 13. Bf4 Qd4 14. Qe2
Qd7 15. Rae1 e6 16. Be5 O-O 17. b3 Qe7 18. Na4 Nd7 19. Bxg7 Kxg7 20. Qd2 Rb8
21. Qf4 b5 22. Nc3 Qf6 23. Qd2 Qd4 24. Re4 Qf6 25. Be2 Qd8 26. Ref4 Bb7 27. Qe3
e5 28. R4f2 f5 29. Bf3 Bxf3 30. Rxf3 Qf6 31. Nd5 Qd6 32. c4 Nf6 33. Nc3 b4 34.
Na4 Rbc8 35. Re1 Ng4 36. Qe2 e4 37. Rg3 exd3 38. Qe7+ Qxe7 39. Rxe7+ Rf7 40.
Re1 d2 0-1

[Event "Hastings Weekend Open"]
[Site "Hastings"]
[Date "2024.01.06"]
[Round "3.9"]
[White "Norinkeviciute, Rasa"]
[Black "Boucquet, Emile"]
[Result "0-1"]
[WhiteElo "1905"]
[BlackElo "2199"]
[PlyCount "107"]
[EventDate "2024.01.06"]
[EventType "swiss"]
[EventRounds "5"]
[EventCountry "ENG"]
[SourceTitle "The Week in Chess 1522"]
[Source "Mark Crowther"]
[SourceDate "2024.01.08"]
[SourceVersion "1"]
[SourceVersionDate "2024.02.04"]
[SourceQuality "2"]

1. c4 e6 2. Nf3 d5 3. e3 Nf6 4. b3 Bd6 5. Bb2 O-O 6. Nc3 a6 7. Qc2 Nc6 8. d4 b6
9. a3 Bb7 10. Bd3 Re8 11. Ne2 dxc4 12. Bxc4 Qe7 13. O-O b5 14. Bd3 e5 15. dxe5
Nxe5 16. Nxe5 Bxe5 17. Bd4 Rad8 18. b4 Ng4 19. h3 Bxd4 20. exd4 Nf6 21. Rac1
Rd7 22. Ng3 Qd6 23. Rfd1 g6 24. Bf1 h5 25. Qd2 Nd5 26. Qg5 Qf4 27. Qxf4 Nxf4
28. Rc2 Rde7 29. h4 Bd5 30. Rc3 Ba8 31. Rdc1 Nd5 32. Rc5 f5 33. R5c2 Re1 34.
Rxe1 Rxe1 35. Re2 Rxe2 36. Bxe2 Nf4 37. f3 Kf7 38. Bf1 Ne6 39. Ne2 Bd5 40. Kf2
Bc4 41. Ke3 Ke7 42. g3 Kd6 43. f4 Bxe2 44. Bxe2 Kd5 45. Bf3+ Kc4 46. Bb7 Nxd4
47. Bxa6 Nc2+ 48. Kd2 Nxa3 49. Bc8 Kxb4 50. Be6 Nc4+ 51. Kd3 Nd6 52. Kd4 c5+
53. Kd5 c4 54. Kd4 0-1

[Event "Hastings Weekend Open"]
[Site "Hastings"]
[Date "2024.01.06"]
[Round "3.10"]
[White "Kovalskyi, Roman"]
[Black "Liu, Tianyi (Jack)"]
[Result "1-0"]
[WhiteElo "2009"]
[BlackElo "2030"]
[PlyCount "111"]
[EventDate "2024.01.06"]
[EventType "swiss"]
[EventRounds "5"]
[EventCountry "ENG"]
[SourceTitle "The Week in Chess 1522"]
[Source "Mark Crowther"]
[SourceDate "2024.01.08"]
[SourceVersion "1"]
[SourceVersionDate "2024.02.04"]
[SourceQuality "2"]

1. e4 c5 2. Nf3 e6 3. g3 Nc6 4. d3 Nf6 5. Bg2 d5 6. Nbd2 Be7 7. O-O O-O 8. Re1
Qc7 9. Nf1 dxe4 10. dxe4 e5 11. c3 Be6 12. h3 Rfd8 13. Qc2 b5 14. Ng5 Bc4 15.
Ne3 Bd3 16. Qb3 Bf8 17. Nd5 Qd6 18. Be3 c4 19. Qxb5 Rab8 20. Qa6 h6 21. Nxf6+
Qxf6 22. Nf3 Rxb2 23. Nd2 Qe6 24. Bf1 Bxf1 25. Nxf1 Nd4 26. Qxe6 Nxe6 27. Bxa7
Ng5 28. Kg2 Ra8 29. Be3 Rbxa2 30. Rxa2 Rxa2 31. Nd2 Rc2 32. h4 Ne6 33. Nxc4
Rxc3 34. Nxe5 Nc5 35. Bxc5 Bxc5 36. Re2 f6 37. Ng6 Bd6 38. Rd2 Kf7 39. h5 Ke6
40. Nh4 Rc4 41. Nf5 Bf8 42. f3 Rc8 43. Kh3 Rc3 44. Kg4 Kf7 45. Rd7+ Kg8 46. Nh4
Rc8 47. Ng6 Ra8 48. Kf5 Ba3 49. Nf4 Ra5+ 50. Nd5 Bf8 51. Kg6 Ra8 52. g4 Re8 53.
Ne3 Re5 54. Nf5 Ra5 55. Rd8 Re5 56. Rc8 1-0

[Event "Hastings Weekend Open"]
[Site "Hastings"]
[Date "2024.01.06"]
[Round "3.11"]
[White "Banerjee, Supratit"]
[Black "Onuoha, Obioma"]
[Result "1-0"]
[WhiteElo "1984"]
[BlackElo "1995"]
[PlyCount "101"]
[EventDate "2024.01.06"]
[EventType "swiss"]
[EventRounds "5"]
[EventCountry "ENG"]
[SourceTitle "The Week in Chess 1522"]
[Source "Mark Crowther"]
[SourceDate "2024.01.08"]
[SourceVersion "1"]
[SourceVersionDate "2024.02.04"]
[SourceQuality "2"]

1. e4 e5 2. Nf3 Nf6 3. Nxe5 d6 4. Nf3 Nxe4 5. d3 Nf6 6. d4 d5 7. Bd3 Bd6 8. O-O
O-O 9. Bg5 h6 10. Bh4 Bg4 11. Nbd2 Nbd7 12. c3 c6 13. Qc2 Qc7 14. Rae1 Rae8 15.
Bf5 Bxf5 16. Qxf5 g6 17. Qc2 Rxe1 18. Rxe1 Re8 19. Qd1 Qb8 20. Bg3 Bxg3 21.
hxg3 Ne4 22. Nxe4 dxe4 23. Nh4 Nf6 24. Qb3 Qc8 25. Nxg6 Qg4 26. Ne5 Qh5 27.
Qxb7 e3 28. f3 Rxe5 29. dxe5 Qxe5 30. Qxa7 c5 31. Qa8+ Kg7 32. Qd8 Qxg3 33. Re2
Nh5 34. Rxe3 Nf4 35. Qd2 Nh3+ 36. Kf1 Qh2 37. Ke2 Qxg2+ 38. Kd3 Nf4+ 39. Kc2
Qg6+ 40. Re4 Ne6 41. Qd3 h5 42. Re2 Qg3 43. Qf5 Nf4 44. Re7 Qg6 45. Qxg6+ Kxg6
46. Re1 h4 47. a4 h3 48. a5 Kf5 49. a6 Nd5 50. a7 Nb6 51. Rh1 1-0

[Event "Hastings Weekend Open"]
[Site "Hastings"]
[Date "2024.01.06"]
[Round "3.12"]
[White "Bai, Xue"]
[Black "Cove, Henry"]
[Result "1-0"]
[WhiteElo "2099"]
[BlackElo "1803"]
[PlyCount "49"]
[EventDate "2024.01.06"]
[EventType "swiss"]
[EventRounds "5"]
[EventCountry "ENG"]
[SourceTitle "The Week in Chess 1522"]
[Source "Mark Crowther"]
[SourceDate "2024.01.08"]
[SourceVersion "1"]
[SourceVersionDate "2024.02.04"]
[SourceQuality "2"]

1. e4 c5 2. Nf3 d6 3. d4 cxd4 4. Nxd4 Nf6 5. Nc3 a6 6. h3 e5 7. Nde2 h5 8. g3
b5 9. Bg2 Bb7 10. Be3 Nbd7 11. a4 b4 12. Nd5 Bxd5 13. exd5 Qa5 14. Qd3 Rc8 15.
O-O Be7 16. b3 O-O 17. Rad1 Nc5 18. Bxc5 Rxc5 19. f4 Qc7 20. fxe5 Nd7 21. e6
fxe6 22. dxe6 Nf6 23. Nd4 Rc3 24. Qg6 d5 25. Nf5 1-0

[Event "Hastings Weekend Open"]
[Site "Hastings"]
[Date "2024.01.06"]
[Round "3.14"]
[White "Dunn, Maxim"]
[Black "Suez-Panama, Gilles"]
[Result "1/2-1/2"]
[WhiteElo "1757"]
[BlackElo "1868"]
[PlyCount "73"]
[EventDate "2024.01.06"]
[EventType "swiss"]
[EventRounds "5"]
[EventCountry "ENG"]
[SourceTitle "The Week in Chess 1522"]
[Source "Mark Crowther"]
[SourceDate "2024.01.08"]
[SourceVersion "1"]
[SourceVersionDate "2024.02.04"]
[SourceQuality "2"]

1. e4 e6 2. d4 d5 3. Nc3 Nf6 4. e5 Nfd7 5. f4 c5 6. Nf3 Nc6 7. Be3 Be7 8. a3
O-O 9. dxc5 Nxc5 10. b4 Nd7 11. Bd3 f5 12. Ne2 Nb6 13. Ned4 Bd7 14. Nd2 Nxd4
15. Bxd4 Ba4 16. O-O Rc8 17. Nb3 Nc4 18. Nc5 Bxc5 19. Bxc5 Rxc5 20. bxc5 Ne3
21. Qd2 Nxf1 22. Rxf1 Qc7 23. Qb4 Bc6 24. Rb1 Rc8 25. h3 h6 26. Kh2 Kh8 27. Rb2
g5 28. Rb1 Qg7 29. g3 Rg8 30. Rg1 Qd7 31. Qd4 Qe7 32. g4 fxg4 33. Rxg4 h5 34.
Rxg5 Rxg5 35. fxg5 Qxg5 36. h4 Qd2+ 37. Kg3 1/2-1/2

[Event "Hastings Weekend Open"]
[Site "Hastings"]
[Date "2024.01.06"]
[Round "3.16"]
[White "Chandler, Clifford R"]
[Black "Hollesen, Kurt"]
[Result "1-0"]
[WhiteElo "2206"]
[BlackElo "1916"]
[PlyCount "43"]
[EventDate "2024.01.06"]
[EventType "swiss"]
[EventRounds "5"]
[EventCountry "ENG"]
[SourceTitle "The Week in Chess 1522"]
[Source "Mark Crowther"]
[SourceDate "2024.01.08"]
[SourceVersion "1"]
[SourceVersionDate "2024.02.04"]
[SourceQuality "2"]

1. e4 c6 2. d4 d5 3. e5 Bf5 4. Nc3 e6 5. g4 Bg6 6. Nge2 c5 7. h4 h6 8. Be3 cxd4
9. Nxd4 a6 10. f4 Ne7 11. Bh3 Qd7 12. f5 Bh7 13. fxe6 fxe6 14. g5 Bf5 15. Nxf5
exf5 16. Qf3 Nbc6 17. O-O-O d4 18. e6 Qxe6 19. Bxd4 O-O-O 20. Bb6 Rxd1+ 21.
Rxd1 g6 22. Qf4 1-0

[Event "Hastings Weekend Open"]
[Site "Hastings"]
[Date "2024.01.06"]
[Round "3.17"]
[White "Marusenko, Petr"]
[Black "Alcindor, Samuel"]
[Result "1/2-1/2"]
[WhiteElo "2032"]
[BlackElo "1745"]
[PlyCount "116"]
[EventDate "2024.01.06"]
[EventType "swiss"]
[EventRounds "5"]
[EventCountry "ENG"]
[SourceTitle "The Week in Chess 1522"]
[Source "Mark Crowther"]
[SourceDate "2024.01.08"]
[SourceVersion "1"]
[SourceVersionDate "2024.02.04"]
[SourceQuality "2"]

1. d4 Nf6 2. c4 c5 3. d5 b5 4. cxb5 a6 5. Nc3 axb5 6. e4 Qa5 7. e5 Ne4 8. Nge2
Ba6 9. g3 Nxc3 10. Nxc3 b4 11. Ne4 d6 12. exd6 exd6 13. Bxa6 Qxa6 14. Qe2 Qxe2+
15. Kxe2 Nd7 16. Bf4 Ra6 17. a3 b3 18. Rac1 Be7 19. Rc3 Rb6 20. Re3 O-O 21.
Nxc5 Nxc5 22. Rxe7 Na4 23. Rb1 Rc8 24. Rc1 Kf8 25. Rxc8+ Kxe7 26. Rc7+ Kd8 27.
Rc1 Nxb2 28. Bd2 Rb5 29. Bb4 Na4 30. Kd3 b2 31. Rb1 Rxd5+ 32. Kc4 Re5 33. Kb3
Nc5+ 34. Bxc5 dxc5 35. Rxb2 Kc7 36. Kc4 Kc6 37. Rd2 Re7 38. Rd3 Re2 39. Rf3 f6
40. h4 Re4+ 41. Kb3 Kb5 42. Re3 Rd4 43. Re7 Rd3+ 44. Kc2 Rxa3 45. Rxg7 Ra2+ 46.
Kd3 Rxf2 47. Ke3 Rg2 48. Kf3 Rd2 49. Rxh7 c4 50. Rc7 Rd5 51. Rb7+ Kc6 52. Rb1
c3 53. Rc1 Rc5 54. g4 Kd6 55. Ke4 Rc4+ 56. Kf5 Ke7 57. g5 fxg5 58. hxg5 Kf7
1/2-1/2

[Event "Hastings Weekend Open"]
[Site "Hastings"]
[Date "2024.01.06"]
[Round "3.18"]
[White "Plotnikov, Dmytro"]
[Black "Keohane, Ben"]
[Result "0-1"]
[WhiteElo "1500"]
[BlackElo "1937"]
[PlyCount "50"]
[EventDate "2024.01.06"]
[EventType "swiss"]
[EventRounds "5"]
[EventCountry "ENG"]
[SourceTitle "The Week in Chess 1522"]
[Source "Mark Crowther"]
[SourceDate "2024.01.08"]
[SourceVersion "1"]
[SourceVersionDate "2024.02.04"]
[SourceQuality "2"]

1. b4 b6 2. Nf3 Bb7 3. c4 d6 4. d4 a5 5. b5 e6 6. Nc3 Nf6 7. Ba3 Nbd7 8. Qc2 d5
9. Bxf8 Nxf8 10. c5 bxc5 11. dxc5 d4 12. Rd1 Bxf3 13. exf3 Qe7 14. Ne4 N8d7 15.
Rxd4 Nxe4 16. Qxe4 O-O 17. c6 Nf6 18. Qc2 e5 19. Rd2 e4 20. Re2 Qb4+ 21. Qd2
Qxb5 22. fxe4 Nxe4 23. Rxe4 Qb1+ 24. Qd1 Qxe4+ 25. Be2 Rad8 0-1

[Event "Hastings Weekend Open"]
[Site "Hastings"]
[Date "2024.01.06"]
[Round "3.19"]
[White "Nguyen, Anh"]
[Black "Rastogi, Nayan Keats"]
[Result "1/2-1/2"]
[WhiteElo "1648"]
[BlackElo "1650"]
[PlyCount "156"]
[EventDate "2024.01.06"]
[EventType "swiss"]
[EventRounds "5"]
[EventCountry "ENG"]
[SourceTitle "The Week in Chess 1522"]
[Source "Mark Crowther"]
[SourceDate "2024.01.08"]
[SourceVersion "1"]
[SourceVersionDate "2024.02.04"]
[SourceQuality "2"]

1. e4 c5 2. Nf3 d6 3. d4 cxd4 4. Nxd4 Nf6 5. Nc3 a6 6. Be3 e5 7. Nb3 Be6 8. f3
h5 9. Qd2 Nbd7 10. O-O-O Be7 11. Kb1 b5 12. Nd5 Bxd5 13. exd5 Nb6 14. Bxb6 Qxb6
15. Na5 Rc8 16. c4 bxc4 17. Nxc4 Qb7 18. Na5 Qb6 19. Nc6 Nd7 20. Bd3 g6 21.
Rhe1 Bf6 22. f4 O-O 23. f5 Kg7 24. fxg6 fxg6 25. Qc2 e4 26. Rxe4 Ne5 27. Rb4
Qxb4 28. Nxb4 Rxc2 29. Kxc2 a5 30. Nc6 Rc8 31. Bb5 Nxc6 32. dxc6 Rb8 33. a4 Be5
34. h3 Rf8 35. Ba6 Rf2+ 36. Kd3 d5 37. Re1 Bc7 38. Re7+ Rf7 39. Re2 Rf6 40. Bb7
Kf7 41. b3 Re6 42. Rc2 Re4 43. Rf2+ Rf4 44. Re2 Re4 45. Rxe4 dxe4+ 46. Kxe4 Ke7
47. Kd5 Bb6 48. Kc4 Kd8 49. Kb5 Bc7 50. Ka6 h4 51. Kb5 g5 52. Ka6 Ke7 53. Bc8
Kd6 54. Kb7 Bd8 55. Bg4 Bc7 56. Bf3 Bd8 57. Ka6 Kc5 58. Be4 Bc7 59. Bf3 Bd8 60.
Ka7 Bc7 61. Ka8 Kd6 62. Kb7 Bd8 63. Bg4 Bc7 64. Bd7 Bd8 65. Ka8 Bc7 66. Ka7 Kc5
67. Ka6 Bd8 68. Be8 Bc7 69. Kb7 Kd6 70. Kc8 Bb6 71. Kb7 Bc7 72. Ka7 Kc5 73. Ka8
Kd6 74. Kb7 Bd8 75. Ka6 Kc5 76. c7 Bxc7 77. Kb7 Kd6 78. Kc8 Ke5 1/2-1/2

[Event "Hastings Weekend Open"]
[Site "Hastings"]
[Date "2024.01.06"]
[Round "3.20"]
[White "Butt, Laurence"]
[Black "Homer, Stephen J"]
[Result "0-1"]
[WhiteElo "1688"]
[BlackElo "2045"]
[PlyCount "60"]
[EventDate "2024.01.06"]
[EventType "swiss"]
[EventRounds "5"]
[EventCountry "ENG"]
[SourceTitle "The Week in Chess 1522"]
[Source "Mark Crowther"]
[SourceDate "2024.01.08"]
[SourceVersion "1"]
[SourceVersionDate "2024.02.04"]
[SourceQuality "2"]

1. d4 Nf6 2. Bg5 e6 3. e4 h6 4. Bxf6 Qxf6 5. e5 Qd8 6. Nc3 d5 7. exd6 Bxd6 8.
Nf3 c6 9. Bd3 Nd7 10. Ne4 Be7 11. O-O b6 12. Qe2 Qc7 13. Nfd2 Bb7 14. f4 O-O-O
15. c3 c5 16. b4 f5 17. Nxc5 bxc5 18. bxc5 Nxc5 19. Bc4 Qd6 20. Rab1 Rd7 21.
Nf3 Ne4 22. Rb3 Bd8 23. Kh1 Bb6 24. Ne5 Rc7 25. Rc1 g5 26. Bd3 Qxd4 27. Bxe4
Qxe4 28. Qb2 gxf4 29. Nf3 Rg8 30. Re1 Qxf3 0-1

[Event "Hastings Weekend Open"]
[Site "Hastings"]
[Date "2024.01.06"]
[Round "3.21"]
[White "Marsden, Rupert"]
[Black "Isaacs, Ruairi"]
[Result "1/2-1/2"]
[WhiteElo "1742"]
[BlackElo "1466"]
[PlyCount "34"]
[EventDate "2024.01.06"]
[EventType "swiss"]
[EventRounds "5"]
[EventCountry "ENG"]
[SourceTitle "The Week in Chess 1522"]
[Source "Mark Crowther"]
[SourceDate "2024.01.08"]
[SourceVersion "1"]
[SourceVersionDate "2024.02.04"]
[SourceQuality "2"]

1. e4 c5 2. d4 cxd4 3. c3 Nf6 4. e5 Nd5 5. Nf3 d6 6. cxd4 Nc6 7. Bc4 Nb6 8. Bb3
dxe5 9. dxe5 Qxd1+ 10. Bxd1 Bg4 11. Bf4 Nc4 12. b3 Nb6 13. O-O e6 14. Nc3 Bb4
15. Ne4 O-O 16. h3 Bf5 17. Ng3 Bc3 1/2-1/2

[Event "Hastings Weekend Open"]
[Site "Hastings"]
[Date "2024.01.07"]
[Round "4.1"]
[White "Garcia Martin, Marta"]
[Black "Arkell, Keith C"]
[Result "1/2-1/2"]
[WhiteElo "2342"]
[BlackElo "2380"]
[PlyCount "185"]
[EventDate "2024.01.06"]
[EventType "swiss"]
[EventRounds "5"]
[EventCountry "ENG"]
[SourceTitle "The Week in Chess 1522"]
[Source "Mark Crowther"]
[SourceDate "2024.01.08"]
[SourceVersion "1"]
[SourceVersionDate "2024.02.04"]
[SourceQuality "2"]

1. e4 d5 2. exd5 Qxd5 3. Nc3 Qd6 4. d4 Nf6 5. Nf3 Bg4 6. h3 Bh5 7. g4 Bg6 8.
Ne5 c6 9. Be3 Nd5 10. Nxd5 cxd5 11. c3 Qb6 12. Qb3 Qxb3 13. axb3 e6 14. Bb5+
Kd8 15. h4 f6 16. Nxg6 hxg6 17. Kd2 Nc6 18. Bd3 Ne7 19. Bf4 Ke8 20. b4 Kf7 21.
b5 Nc8 22. h5 gxh5 23. gxh5 Bd6 24. Bg6+ Kf8 25. Be3 f5 26. Bg5 Be7 27. Bf4 Bd6
28. Ke3 Bxf4+ 29. Kxf4 Ke7 30. Kg5 Nd6 31. f3 Nxb5 32. Rae1 Raf8 33. Re5 Rf6
34. Rhe1 Kd6 35. Rh1 Rh6 36. Rd1 a6 37. Kf4 Nc7 38. b3 b5 39. Kg5 Rf8 40. c4
bxc4 41. bxc4 dxc4 42. Rc5 Rb8 43. Rxc4 Rb2 44. Rg1 Ra2 45. Kh4 Rh2+ 46. Kg3
Rb2 47. Rgc1 Rb7 48. Rc6+ Kd7 49. Kf4 Rh8 50. Ke5 Rb5+ 51. Kf4 Nd5+ 52. Kg3 Rb6
53. R6c2 Ke7 54. Rc8 Rxc8 55. Rxc8 Kf6 56. Kh4 e5 57. Rf8+ Ke6 58. dxe5 Ne7 59.
f4 Rb1 60. Rf7 Rh1+ 61. Kg3 Nxg6 62. hxg6 Rg1+ 63. Kf3 Rxg6 64. Ra7 Kd5 65.
Rd7+ Kc5 66. Rf7 a5 67. Rxf5 Ra6 68. e6+ Kd6 69. Re5 Ke7 70. f5 a4 71. Rd5 Ra7
72. Ke4 a3 73. Rd1 a2 74. Ra1 Ra5 75. Kf4 Kf6 76. Kg4 Ra8 77. Kf4 Ra7 78. Ke4
Ra5 79. Kd4 Ra4+ 80. Kd5 Ra8 81. Ke4 Ra7 82. Kd4 Kxf5 83. Kd5 Ra5+ 84. Kd6 Ra6+
85. Kd7 Ra7+ 86. Kd6 Ra3 87. e7 Rd3+ 88. Kc7 Re3 89. Kd8 Rd3+ 90. Kc7 Re3 91.
Kd8 Rd3+ 92. Kc7 Re3 93. Kd8 1/2-1/2

[Event "Hastings Weekend Open"]
[Site "Hastings"]
[Date "2024.01.07"]
[Round "4.2"]
[White "Sterck, Arno"]
[Black "Large, Peter G"]
[Result "1-0"]
[WhiteElo "2259"]
[BlackElo "2271"]
[PlyCount "101"]
[EventDate "2024.01.06"]
[EventType "swiss"]
[EventRounds "5"]
[EventCountry "ENG"]
[SourceTitle "The Week in Chess 1522"]
[Source "Mark Crowther"]
[SourceDate "2024.01.08"]
[SourceVersion "1"]
[SourceVersionDate "2024.02.04"]
[SourceQuality "2"]

1. c4 b6 2. Nc3 Bb7 3. d4 e6 4. e4 Bb4 5. f3 Qh4+ 6. g3 Qh5 7. Nh3 f5 8. Nf4
Qf7 9. Bd3 Nc6 10. a3 Bxc3+ 11. bxc3 fxe4 12. fxe4 e5 13. Nd5 O-O-O 14. Be3 Nh6
15. Qe2 Rde8 16. O-O-O Qg6 17. Rhf1 Ng4 18. Bg1 Na5 19. h3 Qh6+ 20. Kb2 Qxh3
21. Rf7 g6 22. Qf3 Nh6 23. Rf6 Qg4 24. Rf1 Qxf3 25. R1xf3 Ng4 26. Rf7 Ba6 27.
c5 Bxd3 28. Rxd3 exd4 29. cxb6 Ne5 30. bxa7 Nxd3+ 31. Kc2 Ne1+ 32. Kd1 Kb7 33.
Bxd4 Rhf8 34. Rxd7 Nd3 35. Rxc7+ Ka6 36. Rxh7 Rc8 37. a8=Q+ Rxa8 38. Nc7+ Kb7
39. Nxa8+ Kc6 40. Nb6 Nf2+ 41. Ke1 Nxe4 42. Rg7 Kb5 43. a4+ Ka6 44. Rxg6 Re8
45. Kd1 Nb3 46. Nc4+ Kb7 47. Rb6+ Kc7 48. Rxb3 Rd8 49. Kc2 Rd5 50. a5 Rh5 51.
a6 1-0

[Event "Hastings Weekend Open"]
[Site "Hastings"]
[Date "2024.01.07"]
[Round "4.3"]
[White "Verma, Aditya"]
[Black "Teh, Wee Zhun"]
[Result "1/2-1/2"]
[WhiteElo "2122"]
[BlackElo "1915"]
[PlyCount "66"]
[EventDate "2024.01.06"]
[EventType "swiss"]
[EventRounds "5"]
[EventCountry "ENG"]
[SourceTitle "The Week in Chess 1522"]
[Source "Mark Crowther"]
[SourceDate "2024.01.08"]
[SourceVersion "1"]
[SourceVersionDate "2024.02.04"]
[SourceQuality "2"]

1. e4 c6 2. d4 d5 3. e5 c5 4. dxc5 e6 5. a3 Bxc5 6. Qg4 Ne7 7. Bd3 Nbc6 8. Nf3
Qc7 9. Qg3 Ng6 10. Bxg6 hxg6 11. O-O Nd4 12. Nc3 Nxf3+ 13. gxf3 Bd7 14. Rd1
O-O-O 15. Be3 Rh5 16. Ne2 Bxe3 17. fxe3 Qxe5 18. Qxe5 Rxe5 19. Rd3 Bb5 20. Rc3+
Kb8 21. Nd4 Rg5+ 22. Kf2 Bd7 23. f4 Rh5 24. Nf3 Be8 25. Kg3 f6 26. Rd1 Bc6 27.
Rc5 Rdh8 28. h4 e5 29. fxe5 fxe5 30. e4 dxe4 31. Nxe5 Kc7 32. b4 Re8 33. Rdd5
Kb6 1/2-1/2

[Event "Hastings Weekend Open"]
[Site "Hastings"]
[Date "2024.01.07"]
[Round "4.4"]
[White "Archibong, Ubong S"]
[Black "Walker, Martin Graham"]
[Result "1/2-1/2"]
[WhiteElo "2064"]
[BlackElo "2090"]
[PlyCount "149"]
[EventDate "2024.01.06"]
[EventType "swiss"]
[EventRounds "5"]
[EventCountry "ENG"]
[SourceTitle "The Week in Chess 1522"]
[Source "Mark Crowther"]
[SourceDate "2024.01.08"]
[SourceVersion "1"]
[SourceVersionDate "2024.02.04"]
[SourceQuality "2"]

1. Nf3 Nf6 2. c4 g6 3. d4 Bg7 4. g3 O-O 5. Bg2 d5 6. cxd5 Nxd5 7. e4 Nb6 8. h3
c5 9. d5 e6 10. d6 Nc4 11. Nc3 Qxd6 12. Qe2 Ne5 13. O-O Nbc6 14. Rd1 Nxf3+ 15.
Qxf3 Nd4 16. Qd3 Qe7 17. Be3 Rd8 18. Qf1 b6 19. f4 Bb7 20. Qf2 Rac8 21. Kh2 a6
22. g4 b5 23. Rac1 Rd7 24. e5 g5 25. Bxb7 Rxb7 26. Bxd4 cxd4 27. Qxd4 gxf4 28.
Nd5 Qe8 29. Rxc8 Qxc8 30. Nxf4 Qb8 31. Qd8+ Qxd8 32. Rxd8+ Bf8 33. Nh5 h6 34.
Kg3 b4 35. b3 Rb5 36. Kf4 Ra5 37. Nf6+ Kg7 38. Rd2 Be7 39. Nh5+ Kf8 40. Rf2 Rd5
41. Ke4 Rc5 42. Nf4 Ke8 43. Nd3 Rc8 44. Rh2 a5 45. h4 Rc3 46. g5 hxg5 47. h5
Kf8 48. Kd4 Kg7 49. Rf2 f5 50. exf6+ Bxf6+ 51. Ke4 Rc8 52. h6+ Kg6 53. h7 Rh8
54. Rh2 Rxh7 55. Rxh7 Kxh7 56. Nc5 Be7 57. Nxe6 Kg6 58. Nd4 Bc5 59. Nc6 Bb6 60.
Ne5+ Kh5 61. Kf5 Bc7 62. Nd7 Kh4 63. Nf6 Bb6 64. Ng4 Bd4 65. Nh2 Kg3 66. Ng4
Kf3 67. Kxg5 Ke4 68. Kg6 Kd3 69. Kf5 Kc2 70. Ke4 Bb6 71. Ne5 Kb1 72. Kd3 Kxa2
73. Kc4 Kb2 74. Nd3+ Ka3 75. Ne1 1/2-1/2

[Event "Hastings Weekend Open"]
[Site "Hastings"]
[Date "2024.01.07"]
[Round "4.5"]
[White "Saunders, Aron"]
[Black "Bai, Xue"]
[Result "1/2-1/2"]
[WhiteElo "2083"]
[BlackElo "2099"]
[PlyCount "37"]
[EventDate "2024.01.06"]
[EventType "swiss"]
[EventRounds "5"]
[EventCountry "ENG"]
[SourceTitle "The Week in Chess 1522"]
[Source "Mark Crowther"]
[SourceDate "2024.01.08"]
[SourceVersion "1"]
[SourceVersionDate "2024.02.04"]
[SourceQuality "2"]

1. e4 e5 2. Nf3 Nc6 3. Bc4 Nf6 4. d3 h6 5. O-O Be7 6. Re1 d6 7. c3 O-O 8. Nbd2
Be6 9. Bxe6 fxe6 10. d4 exd4 11. cxd4 Qd7 12. Nf1 d5 13. e5 Ne4 14. Ng3 Nxg3
15. hxg3 b6 16. Qd3 Nd8 17. Bxh6 gxh6 18. Qg6+ Kh8 19. Qxh6+ 1/2-1/2

[Event "Hastings Weekend Open"]
[Site "Hastings"]
[Date "2024.01.07"]
[Round "4.7"]
[White "Verma, Shlok"]
[Black "Unwana, Eugene Ekpoikong"]
[Result "1-0"]
[WhiteElo "2003"]
[BlackElo "2027"]
[PlyCount "99"]
[EventDate "2024.01.06"]
[EventType "swiss"]
[EventRounds "5"]
[EventCountry "ENG"]
[SourceTitle "The Week in Chess 1522"]
[Source "Mark Crowther"]
[SourceDate "2024.01.08"]
[SourceVersion "1"]
[SourceVersionDate "2024.02.04"]
[SourceQuality "2"]

1. d4 Nf6 2. c4 e5 3. dxe5 Ng4 4. Nf3 Bc5 5. e3 Nc6 6. Nc3 Ncxe5 7. Nxe5 Nxe5
8. f4 Ng6 9. Bd3 Qh4+ 10. g3 Qd8 11. Bd2 d6 12. Qf3 c6 13. O-O-O a5 14. g4 a4
15. Qg3 a3 16. b3 Qh4 17. Rdg1 Bd7 18. Qf3 Qe7 19. Rd1 Bb4 20. Kc2 Rc8 21. e4
b5 22. Rhe1 O-O 23. h4 Qxh4 24. Rg1 bxc4 25. Bxc4 Be6 26. Be2 d5 27. Rh1 dxe4
28. Qe3 Qe7 29. f5 Bd5 30. Qh3 h6 31. fxg6 e3 32. gxf7+ Rxf7 33. Qxe3 Bxh1 34.
Rxh1 Qxe3 35. Bxe3 Re8 36. Rh3 Rfe7 37. Bc4+ Kh7 38. Bd3+ Kg8 39. Bc4+ Kh7 40.
Nd1 Rd7 41. g5 Rxe3 42. Nxe3 Rd2+ 43. Kc1 Rxa2 44. Nc2 Bd6 45. gxh6 gxh6 46. b4
Bf4+ 47. Kd1 Rb2 48. Rxa3 Bd6 49. Kc1 Bxb4 50. Ra7+ 1-0